[Event "Sala Open"]
[Site "Salamanca ESP"]
[Date "1994.??.??"]
[Round "1"]
[White "Mochalov, Evgeny V"]
[Black "Hyll, Jan"]
[Result "1-0"]
[WhiteElo "2450"]
[BlackElo "2450"]
[PlyCount "93"]
[EventDate "1994.??.??"]
[Source "www.chesslib.no"]
[SourceDate "2004.05.04"]

1. d4 d5 2. c4 c6 3. Nf3 Nf6 4. Nc3 dxc4 5. a4 Bg4 6. e3 e6 7. Bxc4 Nbd7 8. a5 b5 9. axb6 axb6 10. Rxa8 Qxa8 11. O-O Be7 12. Be2 O-O 13. h3 Bh5 14. g4 Bg6 15. Nh4 Rd8 16. Nxg6 hxg6 17. Bf3 Qc8 18. Qa4 Nd5 19. Bd2 b5 20. Qa7 Bd6 21. Rc1 Bb8 22. Qa5 Bc7 23. Qa1 Qb7 24. Qb1 Bb8 25. Bg2 Rc8 26. Qc2 N7b6 27. Ne4 Qe7 28. Nc5 Bd6 29. Nd3 Nc4 30. Be1 Bb8 31. b3 Ncb6 32. Bd2 Bd6 33. e4 Nb4 34. Nxb4 Bxb4 35. Be3 Kh7 36. Qe2 Qd7 37. Rc2 Kg8 38. d5 c5 39. dxe6 Qxe6 40. Qxb5 Qxb3 41. Rc1 Na4 42. Bf1 Nc3 43. Qa6 Re8 44. Bc4 Qa4 45. Qxg6 Qd7 46. Bh6 Ne2+ 47. Kg2 1-0

[Event "ESP-ch"]
[Site "Palencia"]
[Date "1999.08.22"]
[Round "4"]
[White "Izeta Txabarri, Felix"]
[Black "Pomes Marcet, Juan"]
[Result "1-0"]
[WhiteElo "2505"]
[BlackElo "2393"]
[PlyCount "53"]
[EventDate "1999.08.19"]
[Source "ChessBase"]
[SourceDate "1999.09.14"]

1. d4 d5 2. c4 c6 3. Nf3 Nf6 4. Nc3 dxc4 5. a4 Bg4 6. Ne5 Bh5 7. f3 Nfd7 8. Nxc4 e5 9. Be3 Bg6 10. h4 f6 11. dxe5 Nxe5 12. Qxd8+ Kxd8 13. Nxe5 fxe5 14. h5 Bc2 15. a5 Nd7 16. h6 Nf6 17. Bg5 Ke7 18. Rc1 Bg6 19. hxg7 Bxg7 20. e4 Rhe8 21. Na4 Kd6 22. Bc4 Nd7 23. Ke2 Bf8 24. b4 Be7 25. Be3 a6 26. Rhd1+ Kc7 27. Bb6+ 1-0

[Event "USSR"]
[Site "?"]
[Date "1986.??.??"]
[Round "?"]
[White "Vaisser, A."]
[Black "Huzman, A."]
[Result "1-0"]
[WhiteElo "2505"]
[BlackElo "2390"]
[PlyCount "113"]
[EventDate "1986.??.??"]
[Source "ChessBase"]
[SourceDate "1986.07.01"]

1. d4 d5 2. c4 c6 3. Nf3 Nf6 4. Nc3 dxc4 5. a4 Bg4 6. Ne5 Bh5 7. g3 e6 8. Bg2 Bb4 9. Nxc4 Nd5 10. Qd3 Be7 11. O-O O-O 12. a5 Na6 13. Ne5 Nab4 14. Qd2 c5 15. Nxd5 exd5 16. dxc5 Bxc5 17. Nd3 Nxd3 18. Qxd3 Qe7 19. Qxd5 Bxe2 20. Re1 Bc4 21. Rxe7 Bxd5 22. Bxd5 Bxe7 23. Be3 Rab8 24. Bxa7 Rfd8 25. Bxb8 Rxd5 26. Rc1 g6 27. Rc7 Bf6 28. Rxb7 Rxa5 29. b4 Ra1+ 30. Kg2 Bd4 31. Rd7 Bc3 32. Rd3 Bf6 33. Rb3 Ra2 34. g4 Bd4 35. Bg3 Kf8 36. b5 Bb6 37. Kf3 Ke7 38. Ke4 Ke6 39. f3 Rd2 40. f4 f5+ 41. gxf5+ gxf5+ 42. Kf3 Kd5 43. Rb1 h5 44. Re1 Bd4 45. Re2 Rd3+ 46. Kg2 Rb3 47. Bf2 Bxf2 48. Kxf2 Kd4 49. Re5 h4 50. Kg2 h3+ 51. Kf2 Ra3 52. b6 Rb3 53. b7 Rxb7 54. Kg3 Rg7+ 55. Kxh3 Rg8 56. Rxf5 Ke4 57. Rg5 1-0

[Event "ch WJ"]
[Site "ch WJ Calicut"]
[Date "1993.??.??"]
[Round "?"]
[White "Babula, Vlastimil"]
[Black "Gabriel, Christian"]
[Result "1-0"]
[WhiteElo "2395"]
[BlackElo "2500"]
[PlyCount "63"]
[EventDate "1993.??.??"]
[Source "www.chesslib.no"]
[SourceDate "2004.05.04"]

1. d4 d5 2. c4 c6 3. Nf3 Nf6 4. Nc3 dxc4 5. a4 Bg4 6. Ne5 Bh5 7. g3 e6 8. Bg2 Bb4 9. Nxc4 Nd5 10. Qd3 Be7 11. O-O Na6 12. e4 Ndb4 13. Qd2 O-O 14. b3 Kh8 15. Bb2 f6 16. Ne2 Re8 17. Nf4 Bf7 18. Qe2 Bf8 19. Rfd1 Qc7 20. Rac1 Rad8 21. h4 Nb8 22. h5 Nd7 23. Qg4 Kg8 24. d5 exd5 25. exd5 Nxd5 26. Nxd5 cxd5 27. Ne3 Qb6 28. Bxd5 Bxd5 29. Nxd5 Qe6 30. Nxf6+ Nxf6 31. Qxe6+ Rxe6 32. Rxd8 1-0

[Event "San Diego USA"]
[Site "?"]
[Date "2006.03.10"]
[Round "8"]
[White "Fernandez Daniel"]
[Black "Gonzalez Renier"]
[Result "1-0"]
[WhiteElo "2423"]
[BlackElo "2470"]
[PlyCount "49"]
[EventDate "2006.??.??"]
[Source "www.chesslib.no"]
[SourceDate "2004.05.04"]

1. d4 d5 2. c4 c6 3. Nf3 Nf6 4. Nc3 dxc4 5. a4 Bg4 6. Ne5 Bh5 7. f3 Nfd7 8. Nxc4 e5 9. Be3 Bb4 10. g4 Bg6 11. dxe5 O-O 12. h4 h6 13. g5 h5 14. Bh3 Qe7 15. f4 Rd8 16. Qc1 Nc5 17. f5 Nb3 18. Qb1 Nxa1 19. fxg6 Nb3 20. O-O Rf8 21. Rf6 Bc5 22. gxf7+ Rxf7 23. Qg6 Na6 24. Rxf7 Qxf7 25. Be6 1-0

[Event "Magistral de Badalona"]
[Site "Badalona"]
[Date "2001.??.??"]
[Round "7"]
[White "Moskalenko, Viktor"]
[Black "Granados Gomez, Manuel"]
[Result "0-1"]
[WhiteElo "2511"]
[BlackElo "2379"]
[PlyCount "176"]
[EventDate "2001.03.??"]
[Source "www.chesslib.no"]
[SourceDate "2004.05.04"]

1. d4 d5 2. c4 c6 3. Nf3 Nf6 4. Nc3 dxc4 5. a4 Bg4 6. Nh4 Bc8 7. e3 e5 8. Bxc4 exd4 9. exd4 Be7 10. O-O Nd5 11. Nf3 Be6 12. Qb3 Nxc3 13. bxc3 Bxc4 14. Qxc4 O-O 15. Re1 Na6 16. Ra2 Nc7 17. Qb3 Rb8 18. Rae2 Bd6 19. c4 Ne6 20. d5 cxd5 21. cxd5 Nc5 22. Qc2 Qf6 23. Ba3 Rbc8 24. Ne5 Ne6 25. Qe4 Nf4 26. Nd7 Nxe2+ 27. Qxe2 Qf5 28. Bxd6 Qxd7 29. Bxf8 Rxf8 30. Qe4 Rd8 31. g3 h6 32. Rd1 Qd6 33. h4 h5 34. Qe3 b6 35. Qe2 g6 36. Qa6 Rd7 37. Qc8+ Kg7 38. Qc3+ Qf6 39. Qd3 Qd6 40. Kg2 Rd8 41. Qc3+ Kg8 42. Qd4 Rd7 43. Rd3 Rd8 44. Kf3 Re8 45. Qf4 Re5 46. Kg2 a6 47. Qc4 Kg7 48. Rd1 Rf5 49. f4 a5 50. Rd3 Rf6 51. Qd4 Kh7 52. Re3 Rf5 53. Rd3 Qd7 54. Qc4 Rf6 55. Rd2 Rd6 56. Rd4 Qd8 57. Qd3 Qd7 58. Qb3 Kg8 59. Qc4 Kg7 60. Rd2 Kg8 61. Qb3 Kg7 62. Qb2+ Kh7 63. Qe5 Kg8 64. Kf1 Kh7 65. Kf2 Kg8 66. Rd3 Kh7 67. Ke2 Qc7 68. Kf2 Qd7 69. Rd4 Kg8 70. Rd3 Kh7 71. Kf3 Kg8 72. Rd4 Kh7 73. Rd2 Kg8 74. Rd3 Kh7 75. Rd4 Kg8 76. f5 gxf5 77. Kf4 Rg6 78. d6 f6 79. Qd5+ Kf8 80. Kf3 Rg4 81. Rd3 f4 82. gxf4 Rxh4 83. f5 Qxa4 84. Kg2 Qg4+ 85. Kf1 Rh2 86. Qa8+ Kg7 87. Qb7+ Kh6 88. d7 Qe2+ 0-1

[Event "OHRA-B"]
[Site "Amsterdam"]
[Date "1985.??.??"]
[Round "3"]
[White "Rogers, Ian"]
[Black "Hartoch, Robert G"]
[Result "1-0"]
[WhiteElo "2510"]
[BlackElo "2380"]
[PlyCount "65"]
[EventDate "1985.07.??"]
[Source "ChessBase"]

1. d4 d5 2. c4 c6 3. Nf3 Nf6 4. Nc3 dxc4 5. a4 Bg4 6. Ne5 Bh5 7. f3 Nfd7 8. Nxc4 e5 9. Ne4 Bb4+ 10. Bd2 Qe7 11. dxe5 O-O 12. Rc1 Na6 13. Bxb4 Qxb4+ 14. Qd2 Bg6 15. Ng3 Ndc5 16. Qxb4 Nxb4 17. f4 f5 18. a5 Rab8 19. Nd6 Nb3 20. Rc3 Nxa5 21. e4 fxe4 22. f5 Be8 23. Ngxe4 b6 24. e6 Nd5 25. Rg3 g6 26. Bd3 Kh8 27. f6 Rxf6 28. Nxf6 Nxf6 29. O-O Kg7 30. Rgf3 Rd8 31. Nxe8+ Nxe8 32. Rf7+ Kh6 33. Rd7 1-0

[Event "Warsaw"]
[Site "Warsaw"]
[Date "1990.??.??"]
[Round "12"]
[White "Jasnikowski, Zbigniew"]
[Black "Tischbierek, Raj"]
[Result "0-1"]
[WhiteElo "2445"]
[BlackElo "2440"]
[PlyCount "80"]
[EventDate "1990.01.??"]
[Source "ChessBase"]

1. d4 d5 2. c4 c6 3. Nf3 Nf6 4. Nc3 dxc4 5. a4 Bg4 6. e3 e6 7. Bxc4 Nbd7 8. h3 Bh5 9. g4 Bg6 10. Nh4 Bb4 11. Nxg6 hxg6 12. Kf1 Qc7 13. Qf3 O-O-O 14. Kg2 Nf8 15. g5 Ne8 16. Na2 Be7 17. h4 Nd6 18. Bd3 Nf5 19. Qg4 Nd7 20. f4 c5 21. d5 c4 22. Bc2 Nc5 23. Nc3 Qd7 24. e4 Nd4 25. Bd1 Ndb3 26. Rb1 f5 27. gxf6 gxf6 28. dxe6 Qd4 29. Bxb3 cxb3 30. Rd1 Qc4 31. Be3 Nd3 32. Kf3 f5 33. Qxg6 Rxh4 34. Nd5 Qxe4+ 35. Kg3 Qxd5 36. Bxa7 Rg4+ 37. Qxg4 fxg4 38. Rbc1+ Nxc1 39. Rxc1+ Qc6 40. Rxc6+ bxc6 0-1

[Event "Zonal Tournament"]
[Site "Zonal Tournament"]
[Date "1995.??.??"]
[Round "?"]
[White "Quiroga, Facundo"]
[Black "Soppe, Guillermo G"]
[Result "0-1"]
[WhiteElo "2440"]
[BlackElo "2445"]
[PlyCount "76"]
[EventDate "1995.??.??"]
[Source "www.chesslib.no"]
[SourceDate "2004.05.04"]

1. d4 d5 2. c4 c6 3. Nf3 Nf6 4. Nc3 dxc4 5. a4 Bg4 6. Ne5 Bh5 7. f3 Nfd7 8. Nxc4 e5 9. Nxe5 Nxe5 10. dxe5 Nd7 11. f4 Bb4 12. Qd4 Qa5 13. Bd2 O-O-O 14. Ne4 Bxd2+ 15. Qxd2 Qxd2+ 16. Nxd2 f6 17. Rg1 fxe5 18. g4 Bf7 19. f5 Nc5 20. Bh3 Kc7 21. b4 Na6 22. Rb1 Rhe8 23. g5 Rd4 24. Rg4 Bh5 25. Re4 Red8 26. Rb2 Rxe4 27. Nxe4 Rd4 28. g6 hxg6 29. Kf1 Rxb4 30. Nd6 Kxd6 31. Rd2+ Ke7 32. Bg2 Nc5 33. fxg6 Bxg6 34. Bf3 Bf5 35. Bg4 Rxa4 36. Kg1 a6 37. Kg2 Rb4 38. Kg1 a5 0-1

[Event "ESP-chT"]
[Site "Barcelona"]
[Date "2000.08.13"]
[Round "9"]
[White "Comas Fabrego, Luis"]
[Black "Jose Abril, Ramon"]
[Result "1/2-1/2"]
[WhiteElo "2516"]
[BlackElo "2361"]
[PlyCount "93"]
[EventDate "2000.08.05"]
[Source "ChessBase"]
[SourceDate "2000.09.14"]

1. d4 d5 2. c4 c6 3. Nf3 Nf6 4. Nc3 dxc4 5. a4 Bg4 6. Ne5 Bh5 7. f3 Nfd7 8. Nxc4 e5 9. Be3 Bb4 10. g4 Bg6 11. dxe5 Qe7 12. Nd6+ Bxd6 13. Qxd6 Nxe5 14. Qxe7+ Kxe7 15. Bc5+ Ke8 16. g5 Na6 17. Bd4 f6 18. gxf6 gxf6 19. f4 Nd7 20. Bh3 Rf8 21. Rd1 f5 22. Kf2 Nac5 23. Bxc5 Nxc5 24. b4 Ne6 25. e3 Ke7 26. Rd2 Rad8 27. Rhd1 Rxd2+ 28. Rxd2 a5 29. b5 Rd8 30. Rxd8 Kxd8 31. bxc6 bxc6 32. e4 Nxf4 33. Bxf5 Bxf5 34. exf5 Ke7 35. Ke3 Nh5 36. Kd4 Kf6 37. Ne4+ Kxf5 38. Nd6+ Ke6 39. Nb7 Nf6 40. Nxa5 Kd6 41. Nc4+ Kc7 42. a5 Kb7 43. Ke5 Nd5 44. Kd6 Nb4 45. Ne5 Ka6 46. Nxc6 Nxc6 47. Kxc6 1/2-1/2

[Event "Moscow3"]
[Site "Moscow"]
[Date "1991.??.??"]
[Round "?"]
[White "Lerner, Konstantin Z"]
[Black "Lokasto, Anatol"]
[Result "1-0"]
[WhiteElo "2545"]
[BlackElo "2330"]
[PlyCount "78"]
[EventDate "1991.03.??"]
[Source "ChessBase"]

1. d4 d5 2. c4 c6 3. Nf3 Nf6 4. Nc3 dxc4 5. a4 Bg4 6. Ne5 Bh5 7. h3 e6 8. g4 Bg6 9. Bg2 Bb4 10. O-O Nd5 11. Na2 Be7 12. e4 Nb4 13. Nxb4 Bxb4 14. Nxc4 O-O 15. Be3 f6 16. a5 Na6 17. Qb3 Bf7 18. Ra4 Qe7 19. e5 Rad8 20. f4 f5 21. Rf2 h5 22. gxh5 Bxh5 23. Bd2 Bxd2 24. Rxd2 Nc5 25. Qa3 Qh4 26. Qxc5 Qxf4 27. Ra3 Qg5 28. Rf2 Rd5 29. Qxa7 Qc1+ 30. Bf1 f4 31. Nd2 f3 32. Nxf3 Bxf3 33. Raxf3 Rxf3 34. Rxf3 Qxb2 35. Qb8+ Kh7 36. Bd3+ g6 37. Rf7+ Kh6 38. Qh8+ Kg5 39. Qf6+ Kh5 1-0